000 01644nam a22001577a 4500
999 _c528046
_d528046
008 241105b ||||| |||| 00| 0 eng d
100 _aPuig, Luisa Godinez
_959421
245 _aWhite fortressing: How racial threat and conservatism lead to the formation of local governments
260 _aUrban Affairs Review
300 _a60(1), Jan, 2024: p.16-48
520 _aA large body of research has shown that American politics have been highly influenced by conservative movements born in American White suburbia. Yet, suburbs are also moving left and becoming more diversified. I argue that this context has led to new cityhood movements in unincorporated areas of some regions of the US. By forming cities, unincorporated communities detach themselves from shared county-level authorities and the wider populations served in these jurisdictions. What triggers municipal incorporations today and how are recent incorporation movements different from those of the postwar era? To answer these questions, I conduct fieldwork in Georgia. I find that municipal incorporations are a modern type of segregation triggered by sentiments of racial threat and conservatism, which I call White fortressing. I update the study of government formation by analyzing a new wave of municipal incorporations and contribute to the literature works on White flight, racial threat, and residential segregation.- Reproduced https://journals.sagepub.com/doi/full/10.1177/10780874231197996
650 _aMunicipal incarnations, Racial segregation, Racial threat.
_948572
773 _aUrban Affairs Review
906 _aURBAN DEVELOPMENT
942 _cAR